000 00304nam a22001337a 4500
008 180126b xxu||||| |||| 00| 0 eng d
020 _a0840346379
041 _aeng
080 _26th
_a612.39
100 _a10
101 _aNUT
245 _aAnimal feeding and nutrition
_cJurgens,M.H
942 _2udc
_cBK
999 _c40988
_d40988